000 01855nam a2200469 i 4500
001 ELB127447
003 FINmELB
005 20250326042920.0
006 m o u
007 cr cn|||||||||
008 210730s2019 ck a ob 000 0 spa d
020 _a9789588399690 (e-book)
035 _a(OCoLC)1269023288
040 _aFINmELB
_bspa
_erda
_cFINmELB
050 1 4 _aHQ518
_bV857 2019
080 _a316.36:33
082 0 4 _a306.85
_223
100 1 _aViveros Chavarría, Edison Francisco.
245 1 0 _aFamilia y dinámica familiar :
_bcartilla dirigida a facilitadores para la aplicación de talleres con familias /
_cEdison Francisco Viveros Chavarría, Cruz Elena Vergara Medina.
264 1 _aMedellín :
_bUniversidad Católica Luis Amigó,
_c2019.
300 _a1 recurso en línea (38 páginas) :
_bilustraciones
336 _atexto
_btxt
_2rdamedia/spa
337 _acomputadora
_bc
_2rdamedia/spa
338 _arecurso en línea
_2rdacarrier/spa
504 _aContiene bibliografía.
588 _aDescripción basada en metadatos suministrados por el editor y otras fuentes.
590 _aRecurso electrónico. Santa Fe, Arg.: elibro, 2021. Disponible vía World Wide Web. El acceso puede estar limitado para las bibliotecas afiliadas a elibro.
650 0 _aFamilies
_xEconomic aspects.
650 4 _aFamilia
_xAspectos económicos.
655 4 _aLibros electrónicos.
700 1 _aVergara Medina, Cruz Elena,
_eautor.
797 2 _aelibro, Corp.
856 4 0 _uhttps://elibro.net/ereader/usam/127447
999 _c137260
_d137260